|
|
|
|
| LEADER |
00000cam a2200000 7i4500 |
| 001 |
0000001472 |
| 005 |
20151222.0 |
| 020 |
|
|
|a 9833277160
|
| 090 |
0 |
0 |
|a JF
|b CT ENG (1636)
|
| 100 |
0 |
|
|a G'Kay
|
| 245 |
1 |
0 |
|a Strangers in the dark
|c Kay G
|
| 260 |
|
|
|a Kuala Lumpur :
|b Pustaka Segar ,
|c 2006
|
| 440 |
|
|
|a Strange tales for teenagers
|
| 500 |
|
|
|a Children ages 7-9 years old (orange)
|
| 650 |
|
0 |
|a English fiction
|
| 999 |
|
|
|a 0000919034
|b Book
|c Children Collection
|e Cawangan Bukit Gambir
|
| 999 |
|
|
|a 0000927217
|b Book
|c Children Collection
|e Cawangan Tangkak
|
| 999 |
|
|
|a 0000965293
|b Book
|c Children Collection
|e Perbadanan Perpustakaan Awam Johor
|
| 999 |
|
|
|a 0000965294
|b Book
|c Children Collection
|e Cawangan Pontian
|
| 999 |
|
|
|a 0000972356
|b Book
|c Children Collection
|e Cawangan Bandar Penawar
|
| 999 |
|
|
|a 0000972357
|b Book
|c Children Collection
|e Cawangan Bandar Tenggara
|
| 999 |
|
|
|a 0000972358
|b Book
|c Children Collection
|e Perbadanan Perpustakaan Awam Johor
|